[Event "Dois Irmaos Regional Sul"]
[Site "Dois Irmaos"]
[Date "2012.??.??"]
[Round "5"]
[White "Goetz, Fabio"]
[Black "Donay Martins, Anderson"]
[Result "1-0"]
[WhiteElo "1951"]
[BlackElo "1926"]
[PlyCount "61"]
[EventDate "2012.10.12"]
[EventType "swiss"]
[EventRounds "6"]
[EventCountry "BRA"]
[SourceTitle "EXT 2013"]
[Source "ChessBase"]
[SourceDate "2012.11.22"]
[SourceVersion "1"]
[SourceVersionDate "2012.11.22"]
[SourceQuality "1"]

1. f4 f5 2. e4 fxe4 3. d3 Nf6 4. dxe4 Nxe4 5. f5 Nf6 6. Be2 h5 7. Bg5 Kf7 8. Bxf6 exf6 9. Bxh5+ Rxh5 10. Qxh5+ Kg8 11. Ne2 b6 12. Nbc3 Bb7 13. 0-0-0 Nc6 14. Nf4 Ne5 15. Rhe1 b5 16. Re3 b4 17. Nce2 a5 18. Rh3 a4 19. Ne6 Qe7 20. N2f4 b3 21. Ng6 dxe6 22. Nxe7+ Bxe7 23. cxb3 axb3 24. a3 exf5 25. Qxf5 Kf7 26. Rxb3 Bc8 27. Qh5+ Kf8 28. Qh8+ Kf7 29. Rg3 Bf8 30. Rd8 Nd7 31. Rxg7+ 1-0